000 00362nam a22001577a 4500
003 OSt
005 20240312122205.0
008 171116b xxu||||| |||| 00| 0 eng d
020 _a0074517805
040 _cSEROSOFT
100 _aMOHAN M
245 _aADVERTISING MANAGEMENT
260 _aNEW DELHI
_bTATA MC GRA HILL
_c2011
300 _a418
942 _2ddc
_c01
999 _c40890
_d40890